| 000 -LEADER |
| fixed length control field |
01276cam a22003495i 4500 |
| 001 - CONTROL NUMBER |
| control field |
20411243 |
| 005 - DATE AND TIME OF LATEST TRANSACTION |
| control field |
20190410104807.0 |
| 008 - FIXED-LENGTH DATA ELEMENTS--GENERAL INFORMATION |
| fixed length control field |
171216s2018 ii a b 001 0beng d |
| 010 ## - LIBRARY OF CONGRESS CONTROL NUMBER |
| LC control number |
2017353106 |
| 020 ## - INTERNATIONAL STANDARD BOOK NUMBER |
| International Standard Book Number |
9789350025284 |
| Qualifying information |
(hardback) |
| 020 ## - INTERNATIONAL STANDARD BOOK NUMBER |
| International Standard Book Number |
9350025280 |
| 025 ## - OVERSEAS ACQUISITION NUMBER |
| Overseas acquisition number |
I-E-2017353106 ; 61-91 ; 62-91 |
| 035 ## - SYSTEM CONTROL NUMBER |
| System control number |
(OCoLC)on1015885681 |
| 035 ## - SYSTEM CONTROL NUMBER |
| System control number |
(OCoLC)1015885681 |
| 037 ## - SOURCE OF ACQUISITION |
| Source of stock number/acquisition |
Library of Congress -- New Delhi Overseas Office |
| 040 ## - CATALOGING SOURCE |
| Original cataloging agency |
DKAGE |
| Language of cataloging |
eng |
| Description conventions |
rda |
| Transcribing agency |
DKAGE |
| Modifying agency |
OCLCO |
| -- |
OCLCF |
| -- |
DLC |
| 041 0# - LANGUAGE CODE |
| Language code of text/sound track or separate title |
eng |
| -- |
hin |
| 042 ## - AUTHENTICATION CODE |
| Authentication code |
lccopycat |
| -- |
lcode |
| 043 ## - GEOGRAPHIC AREA CODE |
| Geographic area code |
a-ii--- |
| 050 #4 - LIBRARY OF CONGRESS CALL NUMBER |
| Classification number |
DS436 |
| Item number |
.L35 2018 |
| 082 04 - DEWEY DECIMAL CLASSIFICATION NUMBER |
| Classification number |
A99 J334/L15 |
| 100 1# - MAIN ENTRY--PERSONAL NAME |
| Personal name |
Lal, Ratan |
| Titles and other words associated with a name |
(Associate professor of history), |
| Relator term |
author. |
| 9 (RLIN) |
2807 |
| 245 10 - TITLE STATEMENT |
| Title |
Kashi Prasad Jayaswal : |
| Remainder of title |
the making of a 'nationalist' historian / |
| Statement of responsibility, etc |
Ratan Lal. |
| 300 ## - PHYSICAL DESCRIPTION |
| Extent |
xii, 343 pages : |
| Other physical details |
illustrations (black and white) ; |
| Dimensions |
23 cm |
| 504 ## - BIBLIOGRAPHY, ETC. NOTE |
| Bibliography, etc |
Includes bibliographical references (pages 290-308) and index. |
| 546 ## - LANGUAGE NOTE |
| Language note |
Includes text in Hindi. |
| 600 10 - SUBJECT ADDED ENTRY--PERSONAL NAME |
| Personal name |
Jayaswal, Kashi Prasad, |
| Dates associated with a name |
1881-1937. |
| 9 (RLIN) |
2808 |
| 650 #0 - SUBJECT ADDED ENTRY--TOPICAL TERM |
| Topical term or geographic name as entry element |
Historians |
| Geographic subdivision |
India |
| Form subdivision |
Biography. |
| 9 (RLIN) |
2809 |
| 651 #0 - SUBJECT ADDED ENTRY--GEOGRAPHIC NAME |
| Geographic name |
India |
| General subdivision |
History. |
| 9 (RLIN) |
2810 |
| 906 ## - LOCAL DATA ELEMENT F, LDF (RLIN) |
| a |
7 |
| b |
par |
| c |
copycat |
| d |
3 |
| e |
ncip |
| f |
20 |
| g |
y-gencatlg |
| 955 ## - COPY-LEVEL INFORMATION (RLIN) |
| Book number/undivided call number, CCAL (RLIN) |
wd50 2018-03-19 to Cataloging |
| Copy information and material description, CCAL + MDES (RLIN) |
wd53 2018-06-08 |